2026 FIFA Dünya Kupası'na Katılan Takımlar - Statistics

General Stats
  • This quiz has been taken 46 times
  • The average score is 34 of 48
Answers on the Map
Answers color-coded by a green-red scale on the quiz's map according to % correct below.
 
Answer Stats
Takım % Correct
ABD
100%
İspanya
100%
Türkiye
100%
Almanya
94%
Arjantin
94%
İngiltere
94%
Bosna-Hersek
91%
Brezilya
91%
Fransa
91%
Avustralya
88%
Paraguay
88%
Hollanda
85%
İsveç
85%
Japonya
85%
Portekiz
85%
Kanada
82%
Meksika
82%
Norveç
82%
Fas
79%
Güney Kore
79%
İran
79%
Avusturya
76%
Belçika
76%
Senegal
76%
Uruguay
76%
Mısır
73%
Suudi Arabistan
70%
Irak
67%
İsviçre
67%
Çekya
64%
Cezayir
61%
Katar
61%
Kolombiya
61%
Tunus
61%
Ekvador
55%
Hırvatistan
55%
Fildişi Sahili
52%
Kongo DC
52%
Yeni Zelanda
52%
Curaçao
48%
Güney Afrika
48%
Haiti
48%
İskoçya
48%
Ürdün
48%
Gana
42%
Özbekistan
42%
Panama
39%
Yeşil Burun Adaları
36%
No matching quizzes found
Score Distribution
Percent of People with Each Score
Percentile by Number Answered
Your Score History
You have not taken this quiz